| 000 -LEADER |
| fixed length control field |
01781cam a2200373 a 4500 |
| 001 - CONTROL NUMBER |
| control field |
11938662 |
| 003 - CONTROL NUMBER IDENTIFIER |
| control field |
OSt |
| 005 - DATE AND TIME OF LATEST TRANSACTION |
| control field |
20161123101821.0 |
| 008 - FIXED-LENGTH DATA ELEMENTS--GENERAL INFORMATION |
| fixed length control field |
000311s1998 vaua bc 001 0 eng d |
| 010 ## - LIBRARY OF CONGRESS CONTROL NUMBER |
| LC control number |
00501463 |
| 020 ## - INTERNATIONAL STANDARD BOOK NUMBER |
| International Standard Book Number |
0879351861 |
| 020 ## - INTERNATIONAL STANDARD BOOK NUMBER |
| International Standard Book Number |
0963333194 |
| 035 ## - SYSTEM CONTROL NUMBER |
| System control number |
(OCoLC)ocm41075526 |
| 040 ## - CATALOGING SOURCE |
| Original cataloging agency |
VCW |
| Transcribing agency |
VCW |
| Modifying agency |
DLC |
| 042 ## - AUTHENTICATION CODE |
| Authentication code |
lccopycat |
| 043 ## - GEOGRAPHIC AREA CODE |
| Geographic area code |
e-uk-en |
| -- |
n-us-va |
| 050 00 - LIBRARY OF CONGRESS CALL NUMBER |
| Classification number |
NK9243 |
| Item number |
.E68 1998 |
| 082 00 - DEWEY DECIMAL CLASSIFICATION NUMBER |
| Classification number |
746.44/0942/0747554252 |
| Edition number |
21 |
| 100 1# - MAIN ENTRY--PERSONAL NAME |
| Personal name |
Epstein, Kathleen. |
| 245 10 - TITLE STATEMENT |
| Title |
British embroidery : |
| Remainder of title |
curious works from the seventeenth century / |
| Statement of responsibility, etc. |
Kathleen Epstein. |
| 260 ## - PUBLICATION, DISTRIBUTION, ETC. (IMPRINT) |
| Place of publication, distribution, etc. |
Williamsburg, Va. : |
| Name of publisher, distributor, etc. |
Colonial Williamsburg Foundation ; |
| Place of publication, distribution, etc. |
Austin, Tx. : |
| Name of publisher, distributor, etc. |
Curious Works Press, |
| Date of publication, distribution, etc. |
c1998. |
| 300 ## - PHYSICAL DESCRIPTION |
| Extent |
x, 109 p. : |
| Other physical details |
ill. (some col.) ; |
| Dimensions |
28 cm. |
| 440 #0 - SERIES STATEMENT/ADDED ENTRY--TITLE |
| Title |
Williamsburg decorative arts series. |
| 440 #0 - SERIES STATEMENT/ADDED ENTRY--TITLE |
| Title |
Wallace Gallery decorative arts publication. |
| 500 ## - GENERAL NOTE |
| General note |
"This book was prepared in conjunction with the exhibit British embroidery: curious works from the seventeenth century, December 5, 1998, to September 6, 1999, at the DeWitt Wallace Gallery, the Colonial Williamsburg Foundation, Williamsburg, Va." --T.p. verso. |
| 504 ## - BIBLIOGRAPHY, ETC. NOTE |
| Bibliography, etc |
Includes bibliographical references (p. 103-106) and index. |
| 610 20 - SUBJECT ADDED ENTRY--CORPORATE NAME |
| Corporate name or jurisdiction name as entry element |
Colonial Williamsburg Foundation |
| Form subdivision |
Exhibitions. |
| 650 #0 - SUBJECT ADDED ENTRY--TOPICAL TERM |
| Topical term or geographic name as entry element |
Embroidery, Stuart |
| Form subdivision |
Exhibitions. |
| 650 #0 - SUBJECT ADDED ENTRY--TOPICAL TERM |
| Topical term or geographic name as entry element |
Embroidery |
| Geographic subdivision |
England |
| General subdivision |
History |
| Chronological subdivision |
17th century |
| Form subdivision |
Exhibitions. |
| 650 #0 - SUBJECT ADDED ENTRY--TOPICAL TERM |
| Topical term or geographic name as entry element |
Embroidery |
| Geographic subdivision |
Virginia |
| -- |
Williamsburg |
| Form subdivision |
Exhibitions. |
| 710 2# - ADDED ENTRY--CORPORATE NAME |
| Corporate name or jurisdiction name as entry element |
Colonial Williamsburg Foundation. |
| 906 ## - LOCAL DATA ELEMENT F, LDF (RLIN) |
| a |
7 |
| b |
cbc |
| c |
copycat |
| d |
2 |
| e |
ncip |
| f |
20 |
| g |
y-gencatlg |
| 942 ## - ADDED ENTRY ELEMENTS (KOHA) |
| Source of classification or shelving scheme |
|
| Koha item type |
Hard Covered Materials |
| Classification part |
NK 9243 .E68 1998 |